Nickelodeon Shows by Character Quiz Stats

 Plays Quiz Updated Nov 2, 2018

Score 0/22 Timer 05:00
0 Plays Today
Character Show % Correct
Helga PatakiHey Arnold!
80.2%
Charles Crandall FinsterRugrats
64.2%
Kel KimbleKenan and Kel
54.9%
BeeBe BluffDoug
50.4%
Baggin' Saggin' BarryAll That!
49.4%
Heffer WolfeRocko's Modern Life
44.4%
Stimpson J. CatRen and Stimpy
44.1%
OlmecLegends of the Hidden Temple
43.1%
Dr. ClawInspector Gadget
35.3%
Ferguson DarlingClarissa Explains it All
33.9%
Annie MackThe Secret World of Alex Mack
33.2%
Character Show % Correct
Sardo (no Mister)Are You Afraid of the Dark?
31.8%
Prometheus and BobKablam!
24.5%
Norbert FosterThe Angry Beavers
24.3%
Nona F. MecklenbergThe Adventures of Pete and Pete
17.2%
Sponge HarrisSalute Your Shorts
17.2%
MagellanEureeka's Castle
16%
Benjamin 'Buddy' Ernst, Jr.Hey Dude
13.6%
Mike 'Grandpa' WooThe Mystery Files of Shelby Woo
11.9%
'Mikey'Nick Arcade
8.9%
Sharon, Lois, and BramThe Elephant Show
6.9%
RaduSpace Cases
2.4%

You're not logged in!

Compare scores with friends on all Sporcle quizzes.
OR
Log In

Sporcle TV

Today on Sporcle TV


Watch our educational content, quiz creation guides, and fun videos on Sporcle TV.

Show Comments

Extras

Top Quizzes Today


Score Distribution

Your Account Isn't Verified!

In order to create a playlist on Sporcle, you need to verify the email address you used during registration. Go to your Sporcle Settings to finish the process.

Report this User

Report this user for behavior that violates our Community Guidelines.

Details: